[Event "XXX Torneo B di Capodanno"]
[Site "Reggio nell'Emilia ITA"]
[Date "1987.12.27"]
[Round "1"]
[White "Medancic, Rikard"]
[Black "Beil, Zdenek"]
[WhiteElo "2320"]
[BlackElo "2425"]
[Result "0-1"]
[PlyCount "124"]
[EventDate "1987.12.27"]

1. d4 d5 2. c4 c6 3. Nf3 Nf6 4. Nc3 Bf5 5. Qb3 Qb6 6. c5 Qc7 7. g3 Nbd7 8. Bf4
Qc8 9. Bg2 h6 10. Qd1 Ne4 11. Rc1 g5 12. Be3 Bg7 13. h4 g4 14. Nd2 Ndf6 15. O-O
Qe6 16. Ndxe4 dxe4 17. Qb3 Qxb3 18. axb3 Rd8 19. Rfd1 O-O 20. Rd2 Rd7 21. Rcd1
Rfd8 22. Kf1 a6 23. Kg1 Be6 24. b4 Bf5 25. Kf1 Kh7 26. Kg1 Nd5 27. Nxd5 Rxd5
28. Kf1 Bg6 29. Ke1 f5 30. f3 h5 31. fxe4 fxe4 32. Kf2 R8d7 33. b3 Kg8 34. Bh1
Kf7 35. Bg2 e5 36. dxe5 Bxe5 37. Rxd5 cxd5 38. Bd4 Ke6 39. Bxe5 Kxe5 40. Ra1 d4
41. Ra5 Rd5 42. Ke1 Be8 43. Ra1 Rd8 44. Ra5 Bc6 45. Ra2 Rf8 46. Ra1 Bd5 47. Rb1
e3 48. Bxd5 Kxd5 49. c6 bxc6 50. Rc1 Rb8 51. Rc5+ Ke4 52. Rc4 Rb5 53. Kd1 a5
54. bxa5 Rxa5 55. Rxc6 Ra1+ 56. Rc1 Ra2 57. Rb1 Rd2+ 58. Ke1 d3 59. exd3+ Kf3
60. b4 Rh2 61. Kd1 Rh1+ 62. Kc2 Rxb1 0-1

[Event "XXX Torneo B di Capodanno"]
[Site "Reggio nell'Emilia ITA"]
[Date "1987.12.27"]
[Round "1"]
[White "Paoli, Enrico"]
[Black "Klauser, Markus"]
[WhiteElo "2220"]
[BlackElo "2375"]
[Result "1/2-1/2"]
[PlyCount "69"]
[EventDate "1987.12.27"]

1. e4 c5 2. Nf3 d6 3. d4 cxd4 4. Nxd4 Nf6 5. Nc3 g6 6. h3 Bg7 7. Be3 O-O 8. Bc4
a6 9. Bb3 b6 10. O-O Bb7 11. f3 Nbd7 12. Qd2 Re8 13. Qf2 e6 14. Rad1 Qc7 15. a3
h6 16. Rd2 Rad8 17. Rfd1 Nc5 18. Ba2 d5 19. exd5 Bxd5 20. Nxd5 Nxd5 21. Bxd5
Rxd5 22. Nb3 Rxd2 23. Rxd2 Na4 24. c3 Rd8 25. Rxd8+ Qxd8 26. Qc2 b5 27. Nc5
Nxc5 28. Bxc5 Qc7 29. Be3 h5 30. Qe4 Qd6 31. Bg5 Be5 32. f4 Bg7 33. Qa8+ Kh7
34. Qa7 Kg8 35. Qa8+ 1/2-1/2

[Event "XXX Torneo B di Capodanno"]
[Site "Reggio nell'Emilia ITA"]
[Date "1987.12.27"]
[Round "1"]
[White "Rossi, Carlo"]
[Black "Bukal, Vladimir sr"]
[WhiteElo "2310"]
[BlackElo "2435"]
[Result "1/2-1/2"]
[PlyCount "145"]
[EventDate "1987.12.27"]

1. e4 e6 2. d3 d5 3. Nd2 Nf6 4. Ngf3 b6 5. c3 Bb7 6. e5 Nfd7 7. d4 c5 8. a3 a5
9. Bd3 Ba6 10. Nf1 h6 11. Ng3 g6 12. h4 Bxd3 13. Qxd3 Nc6 14. h5 g5 15. Nh2 Qc8
16. O-O Qa6 17. Qd1 Qc4 18. Be3 a4 19. Ng4 Na5 20. Qf3 Qb3 21. Nf6+ Nxf6 22.
Qxf6 Rh7 23. Nf5 Nc4 24. Rae1 Kd7 25. Re2 Qb5 26. Rc2 Rc8 27. Bc1 Re8 28. Re1
Kc7 29. Ne3 Na5 30. Rd1 Qb3 31. c4 Nxc4 32. Rxc4 dxc4 33. d5 g4 34. d6+ Kd7 35.
Qf4 Rg7 36. Qxh6 Rb8 37. Qf4 Rh7 38. Qxg4 Bh6 39. Nd5 Rg7 40. Nf6+ Kd8 41. Qe2
Bxc1 42. Rxc1 Rg5 43. Rc3 Qa2 44. h6 Qb1+ 45. Qf1 Qxf1+ 46. Kxf1 Kc8 47. f4 Rg6
48. h7 Kb7 49. Ng8 Rbxg8 50. hxg8=Q Rxg8 51. Rxc4 Rg3 52. Kf2 Rb3 53. Rc2 Kc6
54. Rd2 Kd7 55. g4 b5 56. f5 b4 57. axb4 cxb4 58. fxe6+ fxe6 59. g5 a3 60. bxa3
bxa3 61. g6 Rb2 62. Ke2 Rxd2+ 63. Kxd2 a2 64. g7 a1=Q 65. g8=Q Qxe5 66. Qh7+
Kxd6 67. Qd3+ Kc5 68. Qe3+ Qd4+ 69. Ke2 Kd5 70. Qd3 Ke5 71. Qe3+ Qe4 72. Kf2
Kf5 73. Qh3+ 1/2-1/2

[Event "XXX Torneo B di Capodanno"]
[Site "Reggio nell'Emilia ITA"]
[Date "1987.12.28"]
[Round "2"]
[White "Anceschi, Vittorio"]
[Black "Medancic, Rikard"]
[WhiteElo "2310"]
[BlackElo "2320"]
[Result "1/2-1/2"]
[PlyCount "62"]
[EventDate "1987.12.27"]

1. e4 e5 2. Nf3 Nc6 3. d4 exd4 4. Nxd4 Bc5 5. Be3 Qf6 6. c3 Nge7 7. g3 d5 8.
Bg2 dxe4 9. Nb5 Bd6 10. Nd2 O-O 11. Nxe4 Qg6 12. Nexd6 cxd6 13. O-O Bg4 14. f3
Bf5 15. Nd4 Bd3 16. Nxc6 bxc6 17. Re1 Rfe8 18. Qd2 Nd5 19. Bf2 h6 20. Rxe8+
Rxe8 21. Re1 Rxe1+ 22. Qxe1 c5 23. b4 Qf6 24. bxc5 dxc5 25. c4 Nc3 26. Bxc5
Ne2+ 27. Kh1 a6 28. f4 Bxc4 29. a3 a5 30. Bf3 a4 31. Qd1 Bb5 1/2-1/2

[Event "XXX Torneo B di Capodanno"]
[Site "Reggio nell'Emilia ITA"]
[Date "1987.12.28"]
[Round "2"]
[White "Beil, Zdenek"]
[Black "Wagman, Stuart"]
[WhiteElo "2425"]
[BlackElo "2265"]
[Result "1/2-1/2"]
[PlyCount "70"]
[EventDate "1987.12.27"]

1. Nf3 Nf6 2. g3 d5 3. Bg2 e6 4. O-O Be7 5. d3 c5 6. Nbd2 Nc6 7. e4 O-O 8. Re1
b5 9. e5 Nd7 10. Nf1 a5 11. h4 a4 12. Bf4 a3 13. b3 c4 14. dxc4 bxc4 15. bxc4
Nb6 16. cxd5 Nxd5 17. Bg5 Rb8 18. Ne3 Nc3 19. Qxd8 Bxd8 20. Nc4 Bxg5 21. Nxg5
Nb4 22. Nxa3 Bb7 23. Ne4 Bxe4 24. Bxe4 Rfc8 25. Re3 Nbxa2 26. Bd3 Nb4 27. Ree1
Kf8 28. h5 h6 29. Kg2 Rc5 30. Nb1 Nxd3 31. cxd3 Nxb1 32. Raxb1 Rxb1 33. Rxb1
Rxe5 34. g4 Rd5 35. Rb3 Ke7 1/2-1/2

[Event "XXX Torneo B di Capodanno"]
[Site "Reggio nell'Emilia ITA"]
[Date "1987.12.28"]
[Round "2"]
[White "Bukal, Vladimir sr"]
[Black "Klauser, Markus"]
[WhiteElo "2435"]
[BlackElo "2375"]
[Result "1-0"]
[PlyCount "89"]
[EventDate "1987.12.27"]

1. c4 Nf6 2. Nc3 e6 3. Nf3 Bb4 4. Qc2 O-O 5. a3 Bxc3 6. Qxc3 c5 7. b4 b6 8. d4
d6 9. dxc5 bxc5 10. Bb2 Qc7 11. e3 Bb7 12. Be2 Nbd7 13. b5 e5 14. O-O Ne4 15.
Qc2 f5 16. Nd2 Rae8 17. Nxe4 fxe4 18. Rad1 Rf6 19. Rd2 Nf8 20. f3 exf3 21. Bxf3
Bxf3 22. Rxf3 Rxf3 23. gxf3 Re6 24. a4 Qd8 25. Rf2 Qg5+ 26. Kf1 Qxe3 27. a5 Qg5
28. Qe4 Qd8 29. Bc3 Kh8 30. Qd5 h6 31. Rd2 Rg6 32. b6 axb6 33. a6 Ne6 34. a7
Nc7 35. Qb7 Re6 36. Qxc7 Qxc7 37. a8=Q+ Kh7 38. Ra2 Qf7 39. Ra7 Qh5 40. Qe4+
Rg6 41. h4 b5 42. Rd7 b4 43. Bb2 Kg8 44. Rd8+ Kf7 45. Qb7+ 1-0

[Event "XXX Torneo B di Capodanno"]
[Site "Reggio nell'Emilia ITA"]
[Date "1987.12.29"]
[Round "3"]
[White "Klauser, Markus"]
[Black "Belotti, Bruno"]
[WhiteElo "2375"]
[BlackElo "2340"]
[Result "1/2-1/2"]
[PlyCount "142"]
[EventDate "1987.12.27"]

1. c4 Nf6 2. Nc3 c5 3. g3 e6 4. Nf3 b6 5. Bg2 Bb7 6. O-O Be7 7. b3 d6 8. d4
cxd4 9. Qxd4 Nbd7 10. e4 a6 11. Rd1 Qc8 12. Bb2 O-O 13. Qe3 Qc7 14. Nd4 Rfe8
15. Rac1 Bf8 16. Rc2 Rad8 17. Qc1 Qb8 18. Re2 g6 19. Nc2 b5 20. cxb5 axb5 21.
Qa1 Ba8 22. Nb1 e5 23. Nb4 Nc5 24. Nc3 Rc8 25. Qb1 Rc7 26. Ree1 Ra7 27. Bc1 Ne6
28. Be3 Rd7 29. Bh3 Rdd8 30. Rd2 Kg7 31. Red1 h6 32. f3 Nc7 33. Bg2 Kh7 34. Qb2
Rd7 35. Rd3 d5 36. Nbxd5 Ncxd5 37. exd5 Red8 38. Bh3 Nxd5 39. Bxd7 Nxe3 40.
Rxe3 Bc5 41. Qe2 Qa7 42. Bxb5 Bxe3+ 43. Kg2 Rxd1 44. Nxd1 Bd4 45. Bd3 f5 46.
Nf2 Qb7 47. g4 Qf7 48. h3 h5 49. gxh5 gxh5 50. Kf1 Kh8 51. Qc2 Bxf3 52. Qc8+
Kg7 53. Qxf5 Qd5 54. Qh7+ Kf8 55. Qf5+ Ke7 56. Qh7+ Kd8 57. Qh8+ Kc7 58. Qh7+
Kb6 59. Qh6+ Ka5 60. Qa6+ Kb4 61. Qa4+ Kc3 62. Qc4+ Qxc4 63. Bxc4 Kd2 64. h4
Bxf2 65. Kxf2 e4 66. b4 Bg4 67. b5 e3+ 68. Kg3 Be6 69. Bf1 Bxa2 70. b6 Bd5 71.
Kf4 e2 1/2-1/2

[Event "XXX Torneo B di Capodanno"]
[Site "Reggio nell'Emilia ITA"]
[Date "1987.12.29"]
[Round "3"]
[White "Medancic, Rikard"]
[Black "Grinza, Andrea"]
[WhiteElo "2320"]
[BlackElo "2305"]
[Result "0-1"]
[PlyCount "114"]
[EventDate "1987.12.27"]

1. d4 Nf6 2. c4 e5 3. dxe5 Ng4 4. Nf3 Bc5 5. e3 Nc6 6. Be2 Ngxe5 7. Nxe5 Nxe5
8. O-O O-O 9. Nc3 d6 10. Na4 b6 11. a3 a5 12. Bd2 Bd7 13. Nxc5 bxc5 14. Bc3 Be6
15. b3 a4 16. f4 Ng6 17. bxa4 Bd7 18. a5 Qe7 19. Qd2 Rfe8 20. Bf3 Ra7 21. g3
Qxe3+ 22. Qxe3 Rxe3 23. Rac1 Ne7 24. Kf2 Re6 25. Rb1 Nc6 26. Rfe1 Rxe1 27. Kxe1
Kf8 28. Rb5 Nd4 29. Rb8+ Ke7 30. Bxd4 cxd4 31. Ra8 Rxa8 32. Bxa8 c6 33. Kd2 Kd8
34. Kd3 Kc7 35. a6 Kb6 36. Bb7 c5 37. Be4 Kxa6 38. Bxh7 Bh3 39. Ke2 g6 40. Bg8
Be6 41. Kd3 Ka5 42. h4 Ka4 43. g4 Bxg4 44. Bxf7 Bf5+ 45. Kd2 Kxa3 46. Bg8 Kb4
47. Bh7 Kxc4 48. h5 Kd5 49. h6 Ke6 50. Bg8+ Kf6 51. Ke2 Be4 52. Kd2 d5 53. Ke2
c4 54. Be6 c3 55. Bg4 d3+ 56. Ke3 d4+ 57. Kxe4 c2 0-1

[Event "XXX Torneo B di Capodanno"]
[Site "Reggio nell'Emilia ITA"]
[Date "1987.12.30"]
[Round "4"]
[White "Anceschi, Vittorio"]
[Black "Paoli, Enrico"]
[WhiteElo "2310"]
[BlackElo "2220"]
[Result "1-0"]
[PlyCount "31"]
[EventDate "1987.12.27"]

1. e4 c5 2. Nf3 Nc6 3. d4 cxd4 4. Nxd4 Nf6 5. Nc3 d6 6. f4 Bd7 7. Nf3 e6 8. Bd3
Qb6 9. Qe2 a6 10. Rb1 Be7 11. Be3 Qc7 12. O-O O-O 13. Kh1 b5 14. e5 dxe5 15.
fxe5 Nxe5 16. Bf4 1-0

[Event "XXX Torneo B di Capodanno"]
[Site "Reggio nell'Emilia ITA"]
[Date "1987.12.30"]
[Round "4"]
[White "Bukal, Vladimir sr"]
[Black "Belotti, Bruno"]
[WhiteElo "2435"]
[BlackElo "2340"]
[Result "1/2-1/2"]
[PlyCount "43"]
[EventDate "1987.12.27"]

1. c4 Nf6 2. Nc3 c5 3. g3 e6 4. Nf3 b6 5. Bg2 Bb7 6. O-O Be7 7. d4 cxd4 8. Qxd4
d6 9. Rd1 a6 10. Bg5 Nbd7 11. Nd2 Bxg2 12. Kxg2 O-O 13. Nde4 Qc7 14. f3 Rfd8
15. Rac1 h6 16. Nxf6+ Nxf6 17. Be3 Rab8 18. g4 Qb7 19. g5 hxg5 20. Bxg5 d5 21.
cxd5 Nxd5 22. Bxe7 1/2-1/2

[Event "XXX Torneo B di Capodanno"]
[Site "Reggio nell'Emilia ITA"]
[Date "1987.12.30"]
[Round "4"]
[White "Rossi, Carlo"]
[Black "Medancic, Rikard"]
[WhiteElo "2310"]
[BlackElo "2320"]
[Result "1/2-1/2"]
[PlyCount "104"]
[EventDate "1987.12.27"]

1. e4 e5 2. Nf3 Nc6 3. Bc4 Be7 4. d4 d6 5. d5 Nb8 6. Bd3 h6 7. c4 Bg5 8. c5
Bxc1 9. Qxc1 Ne7 10. cxd6 cxd6 11. Nc3 a6 12. Qe3 Nd7 13. Nd2 Ng6 14. g3 O-O
15. a4 Nc5 16. Bc2 Bh3 17. a5 b5 18. b4 Nd7 19. O-O-O Rc8 20. Kb2 Rc7 21. Rc1
Qg5 22. Qxg5 hxg5 23. Bd3 Rb8 24. Rc2 Kf8 25. Rhc1 Ne7 26. Nd1 Rxc2+ 27. Rxc2
Nf6 28. Ne3 Ng4 29. Nxg4 Bxg4 30. Rc7 Ke8 31. f3 Bc8 32. Nf1 Kd8 33. Rc1 Bb7
34. Ne3 Kd7 35. Rc2 Rh8 36. Nd1 f5 37. Nc3 g4 38. fxg4 f4 39. h4 fxg3 40. h5 g6
41. Rg2 gxh5 42. gxh5 Rxh5 43. Rxg3 Rh4 44. Rf3 Rh7 45. Rf6 Rh2+ 46. Kb3 Rh3
47. Be2 Rg3 48. Rf7 Kd8 49. Rf8+ Kd7 50. Kb2 Rg2 51. Kc1 Rg1+ 52. Kb2 Rg2
1/2-1/2

[Event "XXX Torneo B di Capodanno"]
[Site "Reggio nell'Emilia ITA"]
[Date "1987.12.31"]
[Round "5"]
[White "Anceschi, Vittorio"]
[Black "Belotti, Bruno"]
[WhiteElo "2310"]
[BlackElo "2340"]
[Result "1/2-1/2"]
[PlyCount "206"]
[EventDate "1987.12.27"]

1. e4 c6 2. d4 d5 3. Nc3 dxe4 4. Nxe4 Bf5 5. Ng3 Bg6 6. Nf3 Nd7 7. h4 h6 8. h5
Bh7 9. Bd3 Ngf6 10. Bxh7 Nxh7 11. Qe2 e6 12. Bd2 Be7 13. O-O-O O-O 14. Kb1 a5
15. Ne5 Ndf6 16. Ng6 Re8 17. Nxe7+ Rxe7 18. Bc1 Rd7 19. c3 b5 20. Ne4 Nxe4 21.
Qxe4 Rd5 22. g4 e5 23. Be3 c5 24. Qf3 exd4 25. cxd4 c4 26. Rc1 Rc8 27. Qe2 Nf8
28. a4 Qe8 29. Qf3 Qd7 30. Qe2 Ne6 31. Rhd1 Nxd4 32. Rxd4 Rxd4 33. Bxd4 Qxd4
34. axb5 Qc5 35. b6 Qxb6 36. Rxc4 Rxc4 37. Qxc4 Qxf2 38. Qe4 Qb6 39. Ka1 g6 40.
hxg6 Qxg6 41. Qf3 Qg5 42. Ka2 Qe5 43. Ka3 Kg7 44. Ka4 Qxb2 45. Kxa5 Qe5+ 46.
Kb4 Kg6 47. Qh3 Qe1+ 48. Kc4 Qe6+ 49. Kd4 Kg5 50. Qh5+ Kf4 51. Qh4 Kf3 52. Qh3+
Kf4 53. Qh4 Qxg4 54. Qxh6+ Kg3+ 55. Ke5 Qe2+ 56. Kf5 Qb5+ 57. Ke4 Qc4+ 58. Ke5
Qc5+ 59. Ke4 Qc2+ 60. Ke5 Qc5+ 61. Ke4 f5+ 62. Kd3 Qd5+ 63. Ke2 Qf3+ 64. Ke1
Qe4+ 65. Kd1 Qg4+ 66. Ke1 f4 67. Qd6 Qh4 68. Ke2 Qh2+ 69. Kd1 Qg1+ 70. Kc2 Qf2+
71. Kb1 Qf1+ 72. Ka2 Qf2+ 73. Ka1 Qf1+ 74. Ka2 Kg2 75. Qg6+ Kf2 76. Qb6+ Kg2
77. Qg6+ Kh1 78. Ka3 Qh3+ 79. Kb4 f3 80. Qb1+ Kg2 81. Qe4 Qg3 82. Kb5 Qg5+ 83.
Ka6 Kg3 84. Qd3 Qe5 85. Ka7 Kg2 86. Qg6+ Kf2 87. Qb6+ Qe3 88. Ka8 Ke2 89. Qb5+
Qd3 90. Qe5+ Kd2 91. Qf4+ Qe3 92. Qb4+ Ke2 93. Qb5+ Qd3 94. Qe5+ Kf1 95. Qa1+
Kf2 96. Qa7+ Ke2 97. Qa2+ Qd2 98. Qc4+ Kf2 99. Qc5+ Kg2 100. Qc6 Qg5 101. Qe4
Qd8+ 102. Ka7 Qf6 103. Qb7 Qd4+ 1/2-1/2

[Event "XXX Torneo B di Capodanno"]
[Site "Reggio nell'Emilia ITA"]
[Date "1987.12.31"]
[Round "5"]
[White "Klauser, Markus"]
[Black "Anceschi, Vittorio"]
[WhiteElo "2375"]
[BlackElo "2310"]
[Result "1-0"]
[PlyCount "129"]
[EventDate "1987.12.27"]

1. c4 e5 2. Nc3 Nc6 3. Nf3 g6 4. e3 d6 5. d4 Bg7 6. h3 Nf6 7. Be2 O-O 8. O-O
Bf5 9. d5 Ne7 10. Nd2 c5 11. e4 Bd7 12. Rb1 Ne8 13. b4 b6 14. a4 f5 15. a5 Nf6
16. Nb5 Bxb5 17. cxb5 cxb4 18. Rxb4 bxa5 19. Ra4 fxe4 20. Nxe4 Nxe4 21. Rxe4
Nf5 22. Ra4 Nd4 23. Bd2 Rf7 24. Rxa5 Rb7 25. Bd3 e4 26. Bxe4 Rxb5 27. Rxb5 Nxb5
28. Qb3 Nd4 29. Qd3 a6 30. Be3 Qf6 31. h4 Re8 32. Re1 Nf5 33. h5 Qc3 34. Bd2
Qxd3 35. Bxd3 Rxe1+ 36. Bxe1 Ne7 37. hxg6 hxg6 38. Bxa6 Kf7 39. Bc4 Bd4 40. Bb4
Nc8 41. Kf1 Kf6 42. f4 Kf5 43. g3 Ke4 44. Ke2 Nb6 45. Bd3+ Kxd5 46. Bxg6 Ke6
47. g4 d5 48. Kd3 Bb2 49. Bh7 Kf7 50. g5 Nc4 51. Bc5 Bg7 52. Ke2 Ke8 53. Bg8
Kd7 54. Bxd5 Nd6 55. Kf3 Nf5 56. Kg4 Ne7 57. Ba2 Bc3 58. Ba3 Ng6 59. Bb1 Ne7
60. Be4 Ke8 61. Kh5 Kf7 62. f5 Bd4 63. Bc2 Nc6 64. Bb3+ Kg7 65. Bd5 1-0

[Event "XXX Torneo B di Capodanno"]
[Site "Reggio nell'Emilia ITA"]
[Date "1987.12.31"]
[Round "5"]
[White "Paoli, Enrico"]
[Black "Grinza, Andrea"]
[WhiteElo "2220"]
[BlackElo "2305"]
[Result "1/2-1/2"]
[PlyCount "24"]
[EventDate "1987.12.27"]

1. e4 c6 2. d4 d5 3. exd5 cxd5 4. Nf3 Nf6 5. Bd3 Nc6 6. c3 Bg4 7. Bg5 e6 8.
Nbd2 Be7 9. O-O O-O 10. Re1 Bh5 11. Qc2 Bg6 12. Bxg6 hxg6 1/2-1/2

[Event "XXX Torneo B di Capodanno"]
[Site "Reggio nell'Emilia ITA"]
[Date "1988.01.02"]
[Round "7"]
[White "Belotti, Bruno"]
[Black "Grinza, Andrea"]
[WhiteElo "2340"]
[BlackElo "2305"]
[Result "1-0"]
[PlyCount "41"]
[EventDate "1987.12.27"]

1. e4 c6 2. d4 d5 3. Nc3 g6 4. h3 Bg7 5. Nf3 Nf6 6. e5 Nfd7 7. Bd3 e6 8. Ne2 b6
9. Bg5 Qc7 10. c3 a5 11. O-O Ba6 12. Bc2 c5 13. Re1 Nc6 14. Nf4 Ne7 15. Qd2 h6
16. Bh4 g5 17. Nh5 Bxe5 18. Nxe5 gxh4 19. Ng7+ Kf8 20. Qf4 Nf5 21. Ng6+ 1-0

[Event "XXX Torneo B di Capodanno"]
[Site "Reggio nell'Emilia ITA"]
[Date "1988.01.02"]
[Round "7"]
[White "Klauser, Markus"]
[Black "Rossi, Carlo"]
[WhiteElo "2375"]
[BlackElo "2310"]
[Result "0-1"]
[PlyCount "92"]
[EventDate "1987.12.27"]

1. c4 e5 2. Nc3 Bb4 3. Qc2 Nf6 4. Nf3 Bxc3 5. Qxc3 d6 6. e3 O-O 7. b3 Nc6 8.
Bb2 Ne4 9. Qc2 Bf5 10. d3 Nb4 11. Qd1 Nc5 12. e4 Bg4 13. a3 Bxf3 14. gxf3 Nc6
15. f4 Qh4 16. b4 Ne6 17. f5 Ncd4 18. fxe6 fxe6 19. Bxd4 exd4 20. Qe2 a5 21. b5
Rf4 22. Bg2 Raf8 23. Ra2 e5 24. Qf1 Rg4 25. Rd2 c6 26. Bh3 Rxe4+ 27. Re2 Rxe2+
28. Kxe2 e4 29. Qg2 exd3+ 30. Kxd3 Qh5 31. Be6+ Kh8 32. Rg1 Rf3+ 33. Ke4 d5+
34. cxd5 cxd5+ 35. Kxd4 Qh4+ 36. Kc5 Qe7+ 37. Kxd5 Qd8+ 38. Ke5 Qf6+ 39. Kd6
Qd8+ 40. Ke5 Qf6+ 41. Kd5 Rd3+ 42. Ke4 Rd4+ 43. Ke3 Qf4+ 44. Ke2 Qe5+ 45. Kf3
Rf4+ 46. Kg3 Qg5+ 0-1

[Event "XXX Torneo B di Capodanno"]
[Site "Reggio nell'Emilia ITA"]
[Date "1988.01.02"]
[Round "7"]
[White "Medancic, Rikard"]
[Black "Bukal, Vladimir sr"]
[WhiteElo "2320"]
[BlackElo "2435"]
[Result "1/2-1/2"]
[PlyCount "63"]
[EventDate "1987.12.27"]

1. e4 e6 2. d4 d5 3. Nc3 Bb4 4. e5 c5 5. a3 Bxc3+ 6. bxc3 Ne7 7. Nf3 Nbc6 8.
Be2 Qa5 9. Bd2 Bd7 10. O-O Qc7 11. Re1 f6 12. Bf4 Ng6 13. Bg3 f5 14. Nh4 Nge7
15. Nf3 O-O 16. Bf4 Na5 17. a4 Rac8 18. Ra2 h6 19. h4 Be8 20. dxc5 Qxc5 21. Nd4
Bd7 22. Bc1 Nc4 23. h5 Qa5 24. Qd3 Rf7 25. Qg3 Kh8 26. Bf4 Nb6 27. Ra3 Nc4 28.
Rb3 Qc7 29. Bd3 Na5 30. Ra3 Nc4 31. Rb3 Na5 32. Ra3 1/2-1/2

[Event "XXX Torneo B di Capodanno"]
[Site "Reggio nell'Emilia ITA"]
[Date "1988.01.03"]
[Round "8"]
[White "Grinza, Andrea"]
[Black "Beil, Zdenek"]
[WhiteElo "2305"]
[BlackElo "2425"]
[Result "1/2-1/2"]
[PlyCount "121"]
[EventDate "1987.12.27"]

1. d4 d5 2. c4 c6 3. cxd5 cxd5 4. Nf3 Nf6 5. Nc3 Nc6 6. Bf4 a6 7. e3 Bg4 8. Be2
e6 9. h3 Bh5 10. O-O Be7 11. Rc1 O-O 12. Ne5 Nxe5 13. dxe5 Bxe2 14. Qxe2 Nd7
15. Rfd1 Rc8 16. e4 dxe4 17. Qxe4 Rc7 18. Qa4 Qc8 19. Ne4 Nb6 20. Qa5 Rc6 21.
Nd6 Bxd6 22. Rxc6 bxc6 23. Qxb6 Be7 24. Rc1 c5 25. Be3 Rd8 26. Bxc5 Bg5 27. Be3
Bxe3 28. Qxe3 Qb7 29. b3 h6 30. Qf3 Qxf3 31. gxf3 Rd2 32. a4 Rb2 33. Rc8+ Kh7
34. Rb8 Rb1+ 35. Kg2 g5 36. Rb6 Kg6 37. Rb7 Kf5 38. Rxf7+ Kxe5 39. Ra7 Rxb3 40.
Rxa6 Ra3 41. Ra8 Kf6 42. a5 e5 43. a6 Ra1 44. Kg3 Rg1+ 45. Kh2 Ra1 46. a7 Kg7
47. Kg2 h5 48. h4 gxh4 49. Kh2 Kh7 50. Kg2 Kg7 51. Re8 Rxa7 52. Rxe5 Kh6 53.
Kh3 Rf7 54. Kxh4 Rxf3 55. Rxh5+ Kg6 56. Rg5+ Kf6 57. Rg2 Kf5 58. Rg8 Ra3 59.
Rf8+ Kg6 60. Kg4 Ra1 61. Rf4 1/2-1/2

[Event "XXX Torneo B di Capodanno"]
[Site "Reggio nell'Emilia ITA"]
[Date "1988.01.03"]
[Round "8"]
[White "Medancic, Rikard"]
[Black "Wagman, Stuart"]
[WhiteElo "2320"]
[BlackElo "2265"]
[Result "1-0"]
[PlyCount "45"]
[EventDate "1987.12.27"]

1. d4 d5 2. c4 e6 3. Nc3 Be7 4. Bf4 Nf6 5. e3 O-O 6. Rc1 c5 7. Nf3 Nc6 8. cxd5
exd5 9. Be2 Be6 10. dxc5 Bxc5 11. O-O d4 12. Nb5 Bb6 13. Nfxd4 Nxd4 14. exd4
Qd5 15. a3 Rad8 16. Be5 Bg4 17. Bxg4 Qxb5 18. a4 Qxb2 19. Rb1 Qa2 20. Bxf6 gxf6
21. Bf5 Rxd4 22. Qh5 Rfd8 23. Rbe1 1-0

[Event "XXX Torneo B di Capodanno"]
[Site "Reggio nell'Emilia ITA"]
[Date "1988.01.03"]
[Round "8"]
[White "Rossi, Carlo"]
[Black "Belotti, Bruno"]
[WhiteElo "2310"]
[BlackElo "2340"]
[Result "0-1"]
[PlyCount "88"]
[EventDate "1987.12.27"]

1. e4 c6 2. d3 g6 3. Nf3 Bg7 4. c3 d5 5. Nbd2 e5 6. Be2 Ne7 7. O-O O-O 8. Re1
Nd7 9. Bf1 Re8 10. b4 a5 11. bxa5 Nc5 12. Ba3 Qxa5 13. Bb4 Qa7 14. exd5 Nxd5
15. d4 Na4 16. Bc4 Naxc3 17. Bxc3 Nxc3 18. Bxf7+ Kxf7 19. Ng5+ Kg8 20. Qf3 Bf5
21. Qxc3 Qxd4 22. Qb3+ Qd5 23. Nc4 h6 24. Rad1 Qb5 25. Ne4 Qxb3 26. axb3 Re7
27. f3 Be6 28. Nc5 Bd5 29. Nb6 Rd8 30. b4 Ree8 31. Re2 Bf7 32. Red2 Rd4 33.
Rxd4 exd4 34. Ne4 Rd8 35. Rd3 Be5 36. g3 Bc7 37. Nd7 Kg7 38. Ndc5 b6 39. Na4 g5
40. Kg2 g4 41. Nf2 gxf3+ 42. Kxf3 Bd5+ 43. Kg4 Rf8 44. Rd2 Be6+ 0-1

[Event "XXX Torneo B di Capodanno"]
[Site "Reggio nell'Emilia ITA"]
[Date "1988.01.04"]
[Round "9"]
[White "Anceschi, Vittorio"]
[Black "Grinza, Andrea"]
[WhiteElo "2310"]
[BlackElo "2305"]
[Result "1-0"]
[PlyCount "47"]
[EventDate "1987.12.27"]

1. e4 c6 2. d4 d5 3. Nc3 dxe4 4. Nxe4 Nf6 5. Nxf6+ gxf6 6. Be3 Bf5 7. Bd3 Bg6
8. Ne2 Nd7 9. O-O e6 10. c4 Qc7 11. Qc2 Bd6 12. h3 O-O-O 13. Rfd1 Rhg8 14. c5
Bh2+ 15. Kh1 Bh5 16. f3 f5 17. Qd2 Nf6 18. Bg5 Nd5 19. Bxd8 Kxd8 20. Qh6 Bg6
21. g3 Bxg3 22. Qg5+ f6 23. Qxg3 f4 24. Qh4 1-0

[Event "XXX Torneo B di Capodanno"]
[Site "Reggio nell'Emilia ITA"]
[Date "1988.01.04"]
[Round "9"]
[White "Beil, Zdenek"]
[Black "Rossi, Carlo"]
[WhiteElo "2425"]
[BlackElo "2310"]
[Result "1-0"]
[PlyCount "123"]
[EventDate "1987.12.27"]

1. d4 e6 2. c4 f5 3. Nf3 Nf6 4. g3 d5 5. Bg2 c6 6. O-O Bd6 7. b3 Qe7 8. Bb2 O-O
9. Nbd2 Bd7 10. Ne5 Be8 11. Ndf3 Bh5 12. Nd3 Nbd7 13. Bc1 Ne4 14. Qc2 g5 15.
Nfe5 h6 16. f3 Nef6 17. Bd2 Rac8 18. c5 Bb8 19. Be3 Qg7 20. Kh1 Nxe5 21. dxe5
Nd7 22. f4 g4 23. b4 a6 24. a4 Be8 25. Nc1 h5 26. Bf2 h4 27. gxh4 Qh6 28. e3
Bg6 29. Qe2 Bc7 30. Bg3 Bd8 31. Qf2 Rf7 32. Nb3 Rh7 33. Rfc1 Bxh4 34. Kg1 Bxg3
35. hxg3 Nxe5 36. fxe5 f4 37. exf4 Bd3 38. Qd2 Qh2+ 39. Kf2 Be4 40. Rg1 Rh3 41.
Qe3 Rf8 42. Raf1 Rxg3 43. Qxg3 Rxf4+ 44. Qxf4 Qxf4+ 45. Ke2 Qxe5 46. Bxe4 Qxe4+
47. Kd2 Qxb4+ 48. Kc2 Kg7 49. Kb2 Qxa4 50. Rg2 Kg6 51. Rfg1 Kf5 52. Rxg4 Qxg4
53. Rxg4 Kxg4 54. Na5 e5 55. Nxb7 e4 56. Na5 e3 57. Nxc6 e2 58. Ne5+ Kf5 59.
Nd3 Ke6 60. Kc3 Kd7 61. Kd2 Kc6 62. Kxe2 1-0

[Event "XXX Torneo B di Capodanno"]
[Site "Reggio nell'Emilia ITA"]
[Date "1988.01.04"]
[Round "9"]
[White "Paoli, Enrico"]
[Black "Medancic, Rikard"]
[WhiteElo "2220"]
[BlackElo "2320"]
[Result "0-1"]
[PlyCount "70"]
[EventDate "1987.12.27"]

1. e4 e5 2. Nf3 Nc6 3. Bc4 Be7 4. d4 d6 5. h3 Nf6 6. Nc3 O-O 7. O-O Nxe4 8.
Nxe4 d5 9. Bxd5 Qxd5 10. Nc3 Qa5 11. d5 Rd8 12. Qe2 Nb4 13. Nxe5 Bf6 14. Nc4
Qa6 15. Ne4 Be7 16. Nc3 Bf8 17. Bg5 f6 18. Be3 Nxd5 19. Nxd5 Rxd5 20. b3 Be6
21. Qf3 Rf5 22. Qe4 Re8 23. Nb2 Ra5 24. Qd3 Qc6 25. c4 Rh5 26. Qe2 Rxh3 27.
gxh3 Bxh3 28. f3 Rxe3 29. Qxe3 Bc5 30. Kh2 Bxe3 31. Kxh3 Qd7+ 32. Kg3 Qd4 33.
Na4 Qf4+ 34. Kg2 Qg5+ 35. Kh3 h5 0-1

[Event "XXX Torneo B di Capodanno"]
[Site "Reggio nell'Emilia ITA"]
[Date "1988.01.04"]
[Round "9"]
[White "Wagman, Stuart"]
[Black "Bukal, Vladimir sr"]
[WhiteElo "2265"]
[BlackElo "2435"]
[Result "0-1"]
[PlyCount "34"]
[EventDate "1987.12.27"]

1. e4 e6 2. d4 d5 3. Nc3 Bb4 4. e5 c5 5. a3 Bxc3+ 6. bxc3 Ne7 7. Qg4 Nbc6 8.
Qxg7 Rg8 9. Qxh7 cxd4 10. f4 Qa5 11. Ne2 Bd7 12. Qd3 dxc3 13. Rb1 O-O-O 14.
Nxc3 Nf5 15. Bd2 Qxa3 16. Rb3 Qc5 17. g3 Nb4 0-1

[Event "XXX Torneo B di Capodanno"]
[Site "Reggio nell'Emilia ITA"]
[Date "1988.01.05"]
[Round "10"]
[White "Bukal, Vladimir sr"]
[Black "Grinza, Andrea"]
[WhiteElo "2435"]
[BlackElo "2305"]
[Result "1/2-1/2"]
[PlyCount "69"]
[EventDate "1987.12.27"]

1. c4 e5 2. Nc3 Bb4 3. Qc2 Bxc3 4. Qxc3 d6 5. d4 f6 6. g3 Ne7 7. Bg2 O-O 8. Nf3
Nbc6 9. O-O Qe8 10. b4 Qh5 11. dxe5 Nxe5 12. c5 Bh3 13. cxd6 cxd6 14. Rd1 Bxg2
15. Kxg2 Rac8 16. Qd4 Nf5 17. Qxa7 Qg4 18. Qxb7 Nxf3 19. exf3 Nh4+ 20. Kh1 Nxf3
21. Be3 Kh8 22. Qd5 Rce8 23. Qxd6 Qh3 24. g4 Ne5 25. Qd5 Qxg4 26. Rg1 Qxb4 27.
Bc5 Qa5 28. Rxg7 Rg8 29. Rxg8+ Rxg8 30. Rg1 Ng4 31. Qf5 Rg5 32. Qc8+ Rg8 33.
Qf5 Rg5 34. Qc8+ Rg8 35. Qf5 1/2-1/2